| 000 | 01813cam a22004814i 4500 | ||
|---|---|---|---|
| 003 | PE-LiUPU | ||
| 005 | 20250731173429.0 | ||
| 008 | 150706s2011 flu r 000 0 spa d | ||
| 020 | _a9780829758344 | ||
| 035 | _a(Sirsi) i9780829758344 | ||
| 040 |
_aPE-LiUPU _bspa _cPE-LiUPU _erda |
||
| 049 | _aPRUA | ||
| 082 | 0 | 4 |
_a248.845 _bL54 _221 |
| 100 | 1 |
_aLewis, Margie M., _d1923- , _eautor. |
|
| 245 | 1 | 0 |
_aPadres heridos : _bayuda y esperanza para padres de los hijos pródigos / _cMargie M. Lewis y Gregg Lewis. |
| 264 | 1 |
_aMiami, Florida : _bVida, _c2011. |
|
| 300 |
_a187 páginas ; _c22 centímetros |
||
| 336 |
_atext _2rdacontent |
||
| 337 |
_aunmediated _2rdamedia |
||
| 338 |
_avolume _2rdacarrier |
||
| 505 | 0 | _aIniciación -- Aislamiento -- Fraternidad -- Rechazo -- Aceptación -- Ira -- Amor incondicional -- Culpa -- Perdón -- Desesperación -- Esperanza -- Espera -- Tormenta. | |
| 526 | _aSEG42 | ||
| 526 | _aSEG41 | ||
| 526 | _aSEG40 | ||
| 526 | _aSEG39 | ||
| 526 | _aP94 | ||
| 526 | _aP87 | ||
| 526 | _aP86 | ||
| 526 | _aP85 | ||
| 526 | _aP77 | ||
| 526 | _aP76 | ||
| 526 | _aP35 | ||
| 541 | _g001-0000622; | ||
| 650 | 0 | 4 |
_aPadres e hijos _xVida religiosa. |
| 650 | 0 | 4 |
_aFamilias _xVida religiosa . |
| 700 | 1 |
_aLewis, Gregg, _eautor. |
|
| 910 |
_clch _d20130513 |
||
| 942 |
_2ddc _cBOOK |
||
| 949 |
_a248.845 L54 _wDEWEY _c1 _i67038 _lCCODEBUL1 _mBUL _p13.00 _r0 _sY _tBOOK _u2015-7-6 _xTEOLOGIA _PP35 _o.STAFF. Colección General |
||
| 994 |
_aC0 _bPEPRU |
||
| 596 | _a1 | ||
| 999 |
_a248.845 L54 _wDEWEY _c54744 _i67038 _d54744 _e2017-5-19 _f2021-11-10 _g5 _lCCODEBUL1 _mBUL _n2 _p13.00 _r0 _sY _tBOOK _u2015-7-6 _xTEOLOGIA _PP35 _0COMPRA _o.STAFF. Colección Teología |
||
| 980 |
_81 _gALBERTO SANCHEZ Responsable de Automatización |
||